00627nam a2200169 a 4500008004100000020001500041050002200056110001500078245015200093260004100245300002000286350000900306490005400315650001800369650003400387650003600421120416s2004 ||||||||||||||||| || u a0821360655 aHG 3881.5.W57 Add aWorld Bank10aAddressing the challenges of globalization: an independent evaluation evaluation of the World Bank's approach to global programscBy The World Bank aWashington, D. C.:bWorld Bankc2004 alx, 265p.: ill. a0.00 aWorld Bank Operations Evaluation Department (OED) 0aGLOBALIZATION 0aGLOBALIZATION--SOCIAL ASPECTS 0aGLOBALIZATION--ECONOMIC ASPECTS